[Event "IND-ch U13 Girls 33rd"]
[Site "Visakhapatnam"]
[Date "2019.05.07"]
[Round "6"]
[White "Ananya, Arumbakkam"]
[Black "Yash, Jyoti Bir"]
[Result "0-1"]
[WhiteElo "1550"]
[BlackElo "1507"]
[PlyCount "124"]
[EventDate "2019.05.04"]
[EventType "swiss"]
[EventRounds "11"]
[EventCountry "IND"]
[SourceTitle "CBM 190 Extra"]
[Source "ChessBase"]
[SourceDate "2019.07.15"]
[SourceVersion "1"]
[SourceVersionDate "2019.07.15"]
[SourceQuality "1"]

1. e4 c5 2. Nf3 d6 3. Bb5+ Bd7 4. Bxd7+ Qxd7 5. c4 Nc6 6. 0-0 g6 7. d4 cxd4 8. Nxd4 Bg7 9. Be3 Nf6 10. Nc3 0-0 11. f3 Rac8 12. b3 a6 13. Rc1 Rfd8 14. Qd2 Nxd4 15. Bxd4 Qc6 16. Rfd1 e6 17. Na4 b5 18. Nb6 Rb8 19. cxb5 Qxb5 20. a4 Qe8 21. Rc7 d5 22. Qc2 dxe4 23. fxe4 e5 24. Bc5 Rxd1+ 25. Qxd1 Nxe4 26. Re7 Qc6 27. Nd7 Bf8 28. Be3 Bxe7 29. Nxb8 Qc3 30. Qc1 Qxb3 31. Nc6 Qxe3+ 32. Qxe3 Bc5 33. Ne7+ Kg7 34. Nd5 Bxe3+ 35. Nxe3 a5 36. Nc4 Nc5 37. Nxe5 Nxa4 38. Nc4 Kf6 39. Kf2 Kf5 40. Kf3 h5 41. Nxa5 g5 42. h3 Nb6 43. Nb7 g4+ 44. hxg4+ hxg4+ 45. Kg3 Nc4 46. Nc5 Nd2 47. Nd3 Kg5 48. Ne5 Ne4+ 49. Kh2 f6 50. Nd7 Kf4 51. Nb6 Ke3 52. Nd5+ Kf2 53. Kh1 f5 54. Nf4 g3 55. Nd5 f4 56. Nxf4 Kf1 57. Nh3 Nf2+ 58. Nxf2 gxf2 59. g4 Ke1 60. g5 f1Q+ 61. Kh2 Kf2 62. g6 Qg2# 0-1

[Event "Mumbai Wealth op U13 4th"]
[Site "Mumbai"]
[Date "2019.01.05"]
[Round "7"]
[White "Kadam Rishi, R."]
[Black "Ananya, Arumbakkam"]
[Result "1/2-1/2"]
[WhiteElo "1604"]
[BlackElo "1405"]
[PlyCount "74"]
[EventDate "2018.12.30"]
[EventType "swiss"]
[EventRounds "9"]
[EventCountry "IND"]
[SourceTitle "CBM 188 Extra"]
[Source "ChessBase"]
[SourceDate "2019.02.26"]
[SourceVersion "1"]
[SourceVersionDate "2019.02.26"]
[SourceQuality "1"]

1. e4 e5 2. Nf3 Nc6 3. Bc4 Bc5 4. c3 Nf6 5. d3 0-0 6. 0-0 d6 7. Nbd2 Ne7 8. d4 exd4 9. cxd4 Bb6 10. h3 d5 11. e5 Ne4 12. Bd3 Bf5 13. Re1 Nxd2 14. Qxd2 h6 15. Qe2 Qd7 16. Be3 Nc6 17. Kh1 Nb4 18. Bb5 Qe7 19. Ba4 c5 20. a3 Nd3 21. Red1 c4 22. Bc2 Be4 23. Bb1 Qd7 24. Ne1 Nxe1 25. Bxe4 dxe4 26. Qxe1 Qd5 27. Rac1 Rac8 28. Qe2 f5 29. f4 a6 30. Rc2 Rc7 31. Rdc1 Rfc8 32. Qh5 Qf7 33. Qe2 Qd5 34. Qh5 Qf7 35. Qe2 Qd5 36. Qh5 Qf7 37. Qe2 Qd5 1/2-1/2

[Event "Mumbai Wealth rating op 4th"]
[Site "Mumbai"]
[Date "2019.01.03"]
[Round "5"]
[White "Ananya, Arumbakkam"]
[Black "Pawar, Harshit"]
[Result "0-1"]
[WhiteElo "1405"]
[BlackElo "1671"]
[PlyCount "110"]
[EventDate "2018.12.30"]
[EventType "swiss"]
[EventRounds "9"]
[EventCountry "IND"]
[SourceTitle "CBM 188 Extra"]
[Source "ChessBase"]
[SourceDate "2019.02.26"]
[SourceVersion "1"]
[SourceVersionDate "2019.02.26"]
[SourceQuality "1"]

1. e4 d5 2. exd5 Nf6 3. Bb5+ Bd7 4. Be2 Nxd5 5. d4 e6 6. Nf3 Bc6 7. 0-0 Nd7 8. a3 b6 9. c4 N5f6 10. Nc3 Bb7 11. Bf4 Bd6 12. Qd2 Nf8 13. Nb5 Ng6 14. Bxd6 cxd6 15. Qb4 Ne4 16. Bd3 a5 17. Qe1 Nf6 18. d5 e5 19. Nfd4 Ne7 20. Nf5 Nxf5 21. Bxf5 0-0 22. b4 Ba6 23. a4 Bxb5 24. axb5 Qc7 25. Bd3 e4 26. Be2 axb4 27. Qxb4 Nd7 28. Ra3 Ra5 29. Rfa1 Rfa8 30. Rxa5 bxa5 31. Qb1 f5 32. g4 Qb6 33. Kg2 Nc5 34. Ra3 fxg4 35. Bxg4 Rf8 36. f3 Nd3 37. Qg1 Qd8 38. fxe4 Qg5 39. Rxd3 Qxg4+ 40. Rg3 Qxe4+ 41. Kh3 Qf5+ 42. Kg2 h5 43. h4 Kh8 44. Qe1 Qc2+ 45. Kh3 Qxc4 46. Rxg7 Qc8+ 47. Kh2 Kxg7 48. Qe7+ Rf7 49. Qg5+ Kf8 50. Qh6+ Ke7 51. Qg5+ Kd7 52. Qxh5 Qc2+ 53. Kh3 Qd3+ 54. Kg2 Rg7+ 55. Kh1 Qh3# 0-1

[Event "Mumbai Wealth op U13 4th"]
[Site "Mumbai"]
[Date "2019.01.03"]
[Round "5"]
[White "Roy, Aanya"]
[Black "Ananya, Arumbakkam"]
[Result "0-1"]
[WhiteElo "1232"]
[BlackElo "1405"]
[PlyCount "104"]
[EventDate "2018.12.30"]
[EventType "swiss"]
[EventRounds "9"]
[EventCountry "IND"]
[SourceTitle "CBM 188 Extra"]
[Source "ChessBase"]
[SourceDate "2019.02.26"]
[SourceVersion "1"]
[SourceVersionDate "2019.02.26"]
[SourceQuality "1"]

1. e4 e5 2. Nf3 Nc6 3. Bb5 a6 4. Ba4 Nf6 5. 0-0 Be7 6. Re1 b5 7. Bb3 d6 8. c3 Nb8 9. h3 0-0 10. d3 Nbd7 11. Bc2 Bb7 12. Nbd2 Re8 13. Nf1 Bf8 14. Ng3 g6 15. Be3 Bg7 16. Qd2 Qe7 17. Bh6 Qf8 18. Bxg7 Qxg7 19. b4 d5 20. exd5 Nxd5 21. Ne4 Rad8 22. c4 N5f6 23. Qc3 bxc4 24. Nxf6+ Qxf6 25. dxc4 Bxf3 26. Qxf3 Qxf3 27. gxf3 Nf8 28. Rad1 f6 29. Ba4 Rxd1 30. Rxd1 Rb8 31. a3 Kf7 32. Bb3 Ke7 33. Kg2 c5 34. Ba4 cxb4 35. Rb1 a5 36. axb4 Rxb4 37. Bb3 Ne6 38. Ba2 Rxb1 39. Bxb1 Kd6 40. Kf1 Kc5 41. Ba2 Nd4 42. Kg2 a4 43. Kg3 Ne2+ 44. Kg2 Nc3 45. Bb1 Nxb1 46. Kf1 a3 47. Ke1 a2 48. Kd1 a1Q 49. Kc2 Qc3+ 50. Kxb1 Kb4 51. c5 Kb3 52. c6 Qb2# 0-1

[Event "Mumbai Wealth op U13 4th"]
[Site "Mumbai"]
[Date "2019.01.02"]
[Round "4"]
[White "Ananya, Arumbakkam"]
[Black "Suhaani, Lohia"]
[Result "1-0"]
[WhiteElo "1405"]
[BlackElo "1200"]
[PlyCount "83"]
[EventDate "2018.12.30"]
[EventType "swiss"]
[EventRounds "9"]
[EventCountry "IND"]
[SourceTitle "CBM 188 Extra"]
[Source "ChessBase"]
[SourceDate "2019.02.26"]
[SourceVersion "1"]
[SourceVersionDate "2019.02.26"]
[SourceQuality "1"]

1. e4 c5 2. Nf3 d6 3. Bb5+ Bd7 4. Bxd7+ Qxd7 5. 0-0 Nf6 6. Qe2 g6 7. c3 Bg7 8. Rd1 Nc6 9. d4 cxd4 10. cxd4 Rd8 11. Nc3 0-0 12. Be3 Qc7 13. Rac1 Qb8 14. h3 Rfe8 15. Bg5 h6 16. Bf4 Kh7 17. Bh2 Nd7 18. Qc4 Kg8 19. b4 Rc8 20. Qb3 Nb6 21. a4 Qc7 22. a5 Nd7 23. Nd5 Qb8 24. Qa4 Nf8 25. b5 Nd8 26. Rxc8 Qxc8 27. b6 Nc6 28. bxa7 Nxa7 29. Bf4 Ne6 30. Rc1 Qb8 31. Be3 Nc6 32. a6 Qa7 33. Nc3 Nexd4 34. Nxd4 Bxd4 35. Nb5 Qb6 36. Nxd4 Nxd4 37. Qxe8+ Kg7 38. Bxd4+ Qxd4 39. axb7 Qd2 40. Qc8 Qb2 41. b8Q Qxb8 42. Qxb8 1-0

[Event "Mumbai Wealth rating op 4th"]
[Site "Mumbai"]
[Date "2018.12.31"]
[Round "2"]
[White "Ananya, Arumbakkam"]
[Black "Sathish, Chandra G"]
[Result "1-0"]
[WhiteElo "1405"]
[BlackElo "1632"]
[PlyCount "65"]
[EventDate "2018.12.30"]
[EventType "swiss"]
[EventRounds "9"]
[EventCountry "IND"]
[SourceTitle "CBM 188 Extra"]
[Source "ChessBase"]
[SourceDate "2019.02.26"]
[SourceVersion "1"]
[SourceVersionDate "2019.02.26"]
[SourceQuality "1"]

1. e4 c5 2. Nf3 Nc6 3. Bb5 g6 4. Bxc6 dxc6 5. d3 Bg7 6. Nc3 Qc7 7. 0-0 b6 8. Qe2 Nf6 9. a4 a5 10. h3 Nh5 11. e5 Bf8 12. Ne4 Ng7 13. Nd6+ Kd7 14. Nxf7 Rg8 15. N3g5 h5 16. Bf4 e6 17. Qe4 Ne8 18. d4 Ba6 19. Rfd1 Kc8 20. dxc5 Bxc5 21. Nh6 Rh8 22. Nxe6 Qe7 23. Qxc6+ Nc7 24. Nxc7 Bb7 25. Qe6+ Kxc7 26. Qxe7+ Bxe7 27. e6+ Kc6 28. Rd7 g5 29. Rc7+ Kd5 30. Rd1+ Ke4 31. Re1+ Kd5 32. Re5+ Kd4 33. Nf5# 1-0